| 000 | 00594nam a2200181 i 4500 | ||
|---|---|---|---|
| 001 | 37485 | ||
| 003 | ES-MaACL | ||
| 005 | 20250928102030.0 | ||
| 007 | t| | ||
| 008 | 030306s1883 na ||||1| spa d | ||
| 080 | _a929 Bolivar, Simón (067.5) | ||
| 245 | 0 | 3 | _aEl Centenario del libertador Simón Bolívar en Curaçao. |
| 260 |
_aCuraçao : _b[s.n.], _c1883 ( _fImprenta de la Librería de A. Bethencourt e Hijos) |
||
| 300 |
_a108 p. ; _c22 cm. |
||
| 600 | 1 | 7 |
_aBolivar, Simón, _d1783-1830- _vAniversarios y centenarios _2 _9142693 |
| 852 |
_aES-MaACL _jT-432-F-2 |
||
| 999 |
_c37485 _d37485 |
||